| 000 | 00560nam a2200193 a 4500 | ||
|---|---|---|---|
| 001 | 3890 | ||
| 005 | 20140414132040.0 | ||
| 008 | 040128s19uu xx 00 eng d | ||
| 020 | _a971-8634-02-9 | ||
| 050 |
_aBB _bD96 2002 |
||
| 100 | _aSantos, Nati | ||
| 245 | 0 |
_aDown came the rain / _cNati Santos and Dinna A. Santos-Polo. |
|
| 260 |
_aPhilippines : _bLittle big books, _c2002. |
||
| 300 | _a16 p. : ill. ; cm. | ||
| 440 | _aLittle Big Book Early Reading Series-Set 1 | ||
| 650 |
_aAnimals _xFiction. |
||
| 650 | _aChildren stories. | ||
| 999 |
_c113839 _d113839 |
||